Normal view MARC view

Entry Personal Name

Number of records used in: 2

001 - CONTROL NUMBER

  • control field: 57311

003 - CONTROL NUMBER IDENTIFIER

  • control field: dpl

005 - DATE AND TIME OF LATEST TRANSACTION

  • control field: 20230922105437.0

008 - FIXED-LENGTH DATA ELEMENTS

  • fixed length control field: 230922|| aca||aabn | a|a d

040 ## - CATALOGING SOURCE

  • Original cataloging agency: dpl
  • Transcribing agency: dpl

100 ## - HEADING--PERSONAL NAME

  • Personal name: شیخ قطب ا لد ین و مشقی قد س ا للہ سر ہ (780 ھ /1378i)

670 ## - SOURCE DATA FOUND

  • Source citation: Work cat.: (dpl)147821: شیخ قطب ا لد ین و مشقی قد س ا للہ سر ہ (780 ھ /1378i) , مجمع ا لسلو ک جلد د و م /, 2016

© Delhi Public Library
Hit Counter
free hit counter